| 000 | 00503nam a2200181Ia 4500 | ||
|---|---|---|---|
| 005 | 20250326141221.0 | ||
| 008 | 250326s9999 xx 000 0 und d | ||
| 037 | _aTextbook | ||
| 040 |
_aFMSL _beng _cFMSL |
||
| 041 |
_aeng _2eng |
||
| 084 | _qFMSL | ||
| 100 |
_aCarlsen R D, Etc. _9743958 |
||
| 245 | 0 |
_aManual of quality assurance procedures and forms _cCarlsen R D, Etc. |
|
| 260 |
_aEnglewood _bEnglewood, Prentice-Hall _c1992 |
||
| 300 | _aV.. | ||
| 942 | _cTB | ||
| 999 |
_c1289271 _d1289271 |
||